Countries Halsey has visited - Statistics

General Stats
  • This quiz has been taken 79 times
    14 since last reset
  • The average score is 25 of 32
Answer Stats
Continent Country % Correct
Europe United Kingdom
100%
North America United States of America
100%
Oceania Australia
89%
Europe Belgium
89%
North America Canada
89%
Europe Denmark
89%
Europe France
89%
Europe Germany
89%
Europe Ireland
89%
Europe Italy
89%
Asia Japan
89%
North America Mexico
89%
Europe Poland
89%
Asia South Korea
89%
Europe Spain
89%
South America Argentina
78%
South America Brazil
78%
South America Chile
78%
Asia India
78%
Asia Indonesia
78%
Oceania New Zealand
78%
Europe Norway
78%
Europe Portugal
78%
Asia/ Europe Russia
78%
Asia Singapore
78%
Europe Sweden
78%
Europe Finland
67%
Asia the Philippines
67%
Asia/ Europe Turkey
67%
Europe the Netherlands
56%
Europe Luxembourg
44%
Asia Bahrain
33%
No matching quizzes found
Score Distribution
Percent of People with Each Score
Percentile by Number Answered
Your Score History
You have not taken this quiz since the last reset